000 00603nam a2200229 a 4500
999 _c2033
_d2033
007 ta
008 200127t2009 xxu||||g |||| 00| 0 eng d
020 _a9781422140260
040 _aKO
_beng
041 0 _aeng
044 _axxu
082 0 4 _223
_a174.4
_bN 174
100 1 _aNash, Laura L
245 1 0 _aEthics With Out The Sermon /
_cLaura L Nash
260 _aBoston :
_bHarvard Business Press ,
_c2009 .
300 _av , 77 p. :
_c18 p .
490 0 _aHarvard Business Review Classics ;
650 0 _aBusiness ethics
_vHandbooks, manuals, etc
904 _aReshma_R
942 _cBK